Importance of remote sensing and geographic information systems / (Record no. 52162)

MARC details
000 -LEADER
fixed length control field 00565nam a2200205Ia 4500
005 - DATE AND TIME OF LATEST TRANSACTION
control field 20260429112049.0
008 - FIXED-LENGTH DATA ELEMENTS--GENERAL INFORMATION
fixed length control field 260429s9999||||xx |||||||||||||| ||und||
020 ## - INTERNATIONAL STANDARD BOOK NUMBER
International Standard Book Number 9781666870695
041 ## - LANGUAGE CODE
Language English
082 ## - DEWEY DECIMAL CLASSIFICATION NUMBER
Classification number 910.285
Item number WAN
100 ## - MAIN ENTRY--PERSONAL NAME
Personal name Wang, Zhijie
245 #0 - TITLE STATEMENT
Title Importance of remote sensing and geographic information systems /
Statement of responsibility, etc Zhijie Wang
250 ## - EDITION STATEMENT
Edition statement 1st ed.
260 ## - PUBLICATION, DISTRIBUTION, ETC. (IMPRINT)
Place of publication, distribution, etc Wilmington :
Name of publisher, distributor, etc American Academic Publisher,
Date of publication, distribution, etc 2024.
300 ## - PHYSICAL DESCRIPTION
Extent x, 322 p.; hb
650 ## - SUBJECT ADDED ENTRY--TOPICAL TERM
Topical term or geographic name as entry element Geography
650 ## - SUBJECT ADDED ENTRY--TOPICAL TERM
Topical term or geographic name as entry element GIS
650 ## - SUBJECT ADDED ENTRY--TOPICAL TERM
Topical term or geographic name as entry element Remote sensing
942 ## - ADDED ENTRY ELEMENTS (KOHA)
Koha item type Text Books
Holdings
Withdrawn status Lost status Damaged status Not for loan Collection code Home library Location Shelving location Date of Cataloging Source of acquisition Total Checkouts Full call number Barcode Date last seen Price effective from Koha item type
        Non-fiction CUTN Central Library CUTN Central Library History & Geography 29/04/2026 International Books Services, New Delhi - Invoice No. IBS/2025-2026/191 on 09-02-2026   910.285 WAN 57238 29/04/2026 29/04/2026 Text Books